000 00907nmm a2200313 a 4500
003 AR-BaBNM
005 20251128203824.0
008 011101s1992 ||||||||||||||000 | spa||
040 _cAR-BaBNM
245 1 0 _aAprendizaje y matemática
_bla medida
250 _a3ª ed.
260 _aBuenos Aires
_bPlus Ultra
_c1992
300 _a195 p.
_bdiagr., tablas
504 _aBibliografía: p. 195
600 1 4 _aPiaget, Jean
650 4 _aENSENANZA DE LAS MATEMATICAS
650 4 _aDIDACTICA
650 4 _aMETODOS DE ENSENANZA
653 _aCONSTRUCTIVISMO
653 _aEDUCACION PRIMARIA
700 1 _aRey, María Esther
700 1 _aTorelli de Nocera, Alicia
700 1 _aSanguinetti de Saggese, Delia N.
700 1 _aAlvárez de Ludueña, María I.
700 1 _aMenghi, Luis Alberto
_eprologuista
700 1 _aPescetto, Alberto Federico
_eprologuista
942 _cBK
998 _cSILVI
999 _c5044
_d5044